[Event "BL 0708 SV Wattenscheid - Hamburger SK"]
[Site "?"]
[Date "2008.03.09"]
[Round "11.4"]
[White "Johannessen, Leif Erlend"]
[Black "Mueller, Karsten Dr"]
[Result "1/2-1/2"]
[WhiteElo "2536"]
[BlackElo "2515"]
[PlyCount "81"]
[EventDate "2008.??.??"]

1. Nf3 Nf6 2. c4 c5 3. Nc3 g6 4. e4 Nc6 5. d4 cxd4 6. Nxd4 Nxd4 7. Qxd4 d6 8.
Bg5 Bg7 9. Be2 O-O 10. Qd2 Be6 11. Rc1 Qa5 12. O-O Rfc8 13. b3 a6 14. f4 b5 15.
f5 b4 16. fxe6 bxc3 17. exf7+ Kxf7 18. Rxc3 Kg8 19. Bf3 Ng4 20. Rc2 Qc5+ 21.
Kh1 Rf8 22. Rcc1 h6 23. Bh4 g5 24. Bxg4 gxh4 25. Be6+ Kh8 26. Rf5 Qd4 27. Qe2
Rf6 28. Rd1 Qc3 29. Bd5 Raf8 30. Rdf1 a5 31. Qg4 Qd3 32. Qf3 Qc2 33. Qf2 Qd3
34. Qf3 Qc2 35. g3 hxg3 36. hxg3 Qxa2 37. Rf2 Qb1+ 38. Rf1 Qc2 39. Rf2 Qb1+ 40.
Rf1 Qc2 41. Rf2 1/2-1/2

[Event "BL 0708 SV Wattenscheid - Hamburger SK"]
[Site "?"]
[Date "2008.03.09"]
[Round "11.5"]
[White "Heinemann, Thies"]
[Black "Appel, Ralf"]
[Result "1/2-1/2"]
[WhiteElo "2478"]
[BlackElo "2529"]
[PlyCount "86"]
[EventDate "2008.??.??"]

1. e4 Nf6 2. e5 Nd5 3. d4 d6 4. c4 Nb6 5. exd6 exd6 6. Bd3 Nc6 7. Ne2 Nb4 8.
Nbc3 Nxd3+ 9. Qxd3 Be7 10. O-O O-O 11. d5 Re8 12. b3 Nd7 13. Bb2 Ne5 14. Qc2
Bf8 15. Nd4 Bd7 16. h3 c5 17. dxc6 bxc6 18. Rad1 Rb8 19. Bc1 Rc8 20. Bf4 Qa5
21. Rfe1 Ng6 22. Rxe8 Rxe8 23. Bg3 d5 24. cxd5 cxd5 25. Nce2 Rc8 26. Qb1 Qa6
27. Nf4 Nxf4 28. Bxf4 Qf6 29. Be3 h6 30. Qd3 a5 31. Ne2 Qb2 32. Rd2 Qa1+ 33.
Kh2 Bd6+ 34. Bf4 Bb4 35. Rc2 Rxc2 36. Qxc2 Qf6 37. Qc7 Bf5 38. Be5 Qe7 39. Qxe7
Bxe7 40. Nf4 Bb1 41. Nxd5 Bb4 42. Nxb4 axb4 43. Bd6 Bxa2 1/2-1/2

[Event "BL 0708 SV Wattenscheid - Hamburger SK"]
[Site "?"]
[Date "2008.03.09"]
[Round "11.6"]
[White "Holzke, Frank Dr"]
[Black "Beikert, Guenther Dr"]
[Result "1/2-1/2"]
[WhiteElo "2485"]
[BlackElo "2449"]
[PlyCount "109"]
[EventDate "2008.??.??"]

1. e4 c6 2. d4 d5 3. Nc3 dxe4 4. Nxe4 Bf5 5. Ng3 Bg6 6. h4 h6 7. Nf3 Nd7 8. h5
Bh7 9. Bd3 Bxd3 10. Qxd3 e6 11. Bf4 Qa5+ 12. Bd2 Qc7 13. O-O-O Ngf6 14. Qe2
O-O-O 15. Ne5 Nxe5 16. dxe5 Nd7 17. f4 Kb8 18. Kb1 Be7 19. c4 Rhe8 20. Be3 f5
21. exf6 gxf6 22. Qf2 f5 23. Bxa7+ Kc8 24. Bd4 Bf6 25. Ne2 Bxd4 26. Qxd4 Qb6
27. Qxb6 Nxb6 28. b3 Rxd1+ 29. Rxd1 Nd7 30. Rd3 Nf6 31. Rg3 Nxh5 32. Rh3 Nf6
33. Rxh6 Ne4 34. Nd4 Rd8 35. Nxe6 Rd2 36. Rh3 Rxg2 37. Rd3 Kb8 38. a4 Ka7 39.
Kc1 c5 40. Rd5 Rg1+ 41. Kb2 Rg2+ 42. Ka3 b6 43. Rxf5 Nd2 44. Nxc5 bxc5 45. Rxc5
Rg3 46. Ra5+ Kb6 47. Rb5+ Kc6 48. Kb2 Rf3 49. a5 Rxf4 50. Kc3 Ne4+ 51. Kb4 Rf8
52. Rb6+ Kc7 53. Rh6 Rb8+ 54. Ka3 Nd2 55. Rh3 1/2-1/2

[Event "BL 0708 SV Wattenscheid - Hamburger SK"]
[Site "?"]
[Date "2008.03.09"]
[Round "11.8"]
[White "Straeter, Timo"]
[Black "Sebastian, Dirk"]
[Result "1/2-1/2"]
[WhiteElo "2325"]
[BlackElo "2445"]
[PlyCount "74"]
[EventDate "2008.??.??"]

1. d4 g6 2. Nf3 Bg7 3. c3 d6 4. e4 Nf6 5. Bd3 O-O 6. O-O Nc6 7. Re1 e5 8. Nbd2
Nh5 9. dxe5 Nf4 10. Bf1 dxe5 11. Nc4 Qxd1 12. Rxd1 Bg4 13. Be3 Bxf3 14. gxf3
Rfd8 15. b4 a6 16. Na5 Nxa5 17. bxa5 Ne6 18. Rab1 Rxd1 19. Rxd1 Bf8 20. Bc4 Rd8
21. Rb1 Nc5 22. Bxc5 Bxc5 23. Rxb7 Rd1+ 24. Kg2 Rd2 25. Rxc7 Rxf2+ 26. Kg3 Be3
27. Rxf7 Kh8 28. Re7 Rc2 29. Rxe5 Bg1 30. Re8+ Kg7 31. Re7+ Kh6 32. h4 Bh2+ 33.
Kh3 Bd6 34. Rd7 Rh2+ 35. Kg4 Rg2+ 36. Kh3 Rh2+ 37. Kg4 Rg2+ 1/2-1/2

[Event "BL 0708 Werder Bremen - SC Kreuzberg"]
[Site "?"]
[Date "2008.04.05"]
[Round "12.1"]
[White "Luther, Thomas"]
[Black "Fressinet, Laurent"]
[Result "1-0"]
[WhiteElo "2534"]
[BlackElo "2654"]
[PlyCount "53"]
[EventDate "2008.??.??"]

1. e4 e5 2. Nf3 Nc6 3. Bb5 a6 4. Ba4 Nf6 5. O-O Be7 6. Re1 b5 7. Bb3 O-O 8. c3
d5 9. d4 exd4 10. e5 Ne4 11. cxd4 Bb4 12. Nbd2 Bxd2 13. Bxd2 Bg4 14. Be3 f5 15.
Qc1 Qd7 16. e6 Qxe6 17. Ng5 Qd7 18. f3 Nxg5 19. Bxg5 Bxf3 20. Qc5 f4 21. gxf3
Rf5 22. Bxf4 Raf8 23. Bg3 h5 24. Rac1 R8f6 25. Re5 Kh8 26. Rxf5 Qxf5 27. Qxd5
1-0

[Event "BL 0708 Werder Bremen - SC Kreuzberg"]
[Site "?"]
[Date "2008.04.05"]
[Round "12.2"]
[White "Meier, Georg"]
[Black "Tischbierek, Raj"]
[Result "1-0"]
[WhiteElo "2558"]
[BlackElo "2487"]
[PlyCount "49"]
[EventDate "2008.??.??"]

1. d4 Nf6 2. c4 e6 3. g3 d5 4. Nf3 Bb4+ 5. Bd2 Be7 6. Bg2 c6 7. O-O O-O 8. Bf4
b6 9. Nc3 Ba6 10. cxd5 cxd5 11. Rc1 Nh5 12. Be5 Bb7 13. e4 dxe4 14. Nd2 Nf6 15.
Bxf6 gxf6 16. Ndxe4 Kh8 17. d5 exd5 18. Nd2 Na6 19. Qh5 Nc7 20. Rfd1 Qd6 21.
Nc4 Qb4 22. Ne3 Rad8 23. Nf5 d4 24. Ne4 Ne6 25. Qh6 1-0

[Event "BL 0708 Werder Bremen - SC Kreuzberg"]
[Site "?"]
[Date "2008.04.05"]
[Round "12.3"]
[White "Kalinitschew, Sergey"]
[Black "Kritz, Leonid"]
[Result "1/2-1/2"]
[WhiteElo "2489"]
[BlackElo "2596"]
[PlyCount "116"]
[EventDate "2008.??.??"]

1. d4 Nf6 2. c4 c6 3. Nf3 d5 4. e3 a6 5. Bd3 Bg4 6. Nbd2 e6 7. Qb3 Qc7 8. Ne5
Bh5 9. O-O Bd6 10. f4 O-O 11. c5 Be7 12. Qc2 b6 13. b4 a5 14. cxb6 Qxb6 15.
bxa5 Qxa5 16. a4 Bg6 17. Nxg6 hxg6 18. Nb3 Qc7 19. Bd2 Na6 20. Ba5 Qd7 21. Rfc1
Rfc8 22. Bb6 Nb4 23. Qe2 Qb7 24. Bc5 Nxd3 25. Qxd3 Bd8 26. a5 Qa6 27. Qxa6 Rxa6
28. Bb4 Ne4 29. Be1 g5 30. Kf1 gxf4 31. exf4 Kf8 32. Ke2 Ke8 33. Kd3 Kd7 34.
Nc5+ Nxc5+ 35. Rxc5 Rb8 36. Rc2 Rb3+ 37. Rc3 Rb5 38. Rca3 Be7 39. Ra4 Bd6 40.
Bd2 Kc7 41. g4 Rb3+ 42. Ke2 Rh3 43. Rh1 Kb7 44. Ra2 Ra8 45. Rc2 Rc8 46. Rb1+
Ka7 47. Rb6 Rxh2+ 48. Kd3 Rh3+ 49. Ke2 Be7 50. Rcxc6 Rxc6 51. Rxc6 Kb7 52. Rb6+
Kc7 53. Rb1 Ra3 54. f5 Bd8 55. fxe6 fxe6 56. Rb6 Ra2 57. Kd3 Ra3+ 58. Ke2 Ra2
1/2-1/2

[Event "BL 0708 Werder Bremen - SC Kreuzberg"]
[Site "?"]
[Date "2008.04.05"]
[Round "12.4"]
[White "Hracek, Zbynek"]
[Black "Volke, Karsten"]
[Result "1-0"]
[WhiteElo "2598"]
[BlackElo "2472"]
[PlyCount "89"]
[EventDate "2008.??.??"]

1. e4 e5 2. Nf3 Nc6 3. Bb5 a6 4. Ba4 Nf6 5. O-O Be7 6. Re1 b5 7. Bb3 d6 8. c3
O-O 9. h3 Nb8 10. d4 Nbd7 11. Nbd2 Bb7 12. Bc2 Re8 13. Nf1 Bf8 14. Ng3 g6 15.
Bg5 h6 16. Bd2 exd4 17. cxd4 c5 18. d5 a5 19. h4 h5 20. Bg5 Bg7 21. Qd2 a4 22.
Rad1 Qe7 23. Bd3 Ba6 24. a3 Qf8 25. Nf1 Ng4 26. N1h2 Reb8 27. Bf4 Nge5 28. Nxe5
Nxe5 29. Bxe5 Bxe5 30. Nf3 Qg7 31. Nxe5 Qxe5 32. Bb1 Qf6 33. f4 Qxh4 34. e5 b4
35. e6 Ra7 36. f5 Kg7 37. Re4 Qf6 38. fxg6 fxe6 39. Rf4 Qe5 40. dxe6 bxa3 41.
Re1 Qxb2 42. Qxd6 a2 43. Bxa2 Qc3 44. Qxb8 Qxe1+ 45. Kh2 1-0

[Event "BL 0708 Werder Bremen - SC Kreuzberg"]
[Site "?"]
[Date "2008.04.05"]
[Round "12.6"]
[White "Babula, Vlastimil"]
[Black "Loeffler, Stefan"]
[Result "1-0"]
[WhiteElo "2596"]
[BlackElo "2409"]
[PlyCount "49"]
[EventDate "2008.??.??"]

1. d4 Nf6 2. c4 c6 3. Nc3 d5 4. Nf3 dxc4 5. a4 e6 6. e3 c5 7. Bxc4 Nc6 8. O-O
cxd4 9. exd4 Be7 10. Qe2 O-O 11. Rd1 Bd7 12. Bg5 Nd5 13. Bxd5 Bxg5 14. Be4 Bh6
15. d5 exd5 16. Rxd5 f5 17. Rad1 fxe4 18. Rxd7 Qb6 19. Nxe4 Rae8 20. Qc4+ Kh8
21. Nd6 Ne5 22. Nxe5 Qxf2+ 23. Kh1 Rxe5 24. Nf7+ Rxf7 25. Rxf7 1-0

[Event "BL 0708 Werder Bremen - SC Kreuzberg"]
[Site "?"]
[Date "2008.04.05"]
[Round "12.7"]
[White "Schilow, Vladimir"]
[Black "Pelletier, Yannick"]
[Result "1/2-1/2"]
[WhiteElo "2400"]
[BlackElo "2609"]
[PlyCount "42"]
[EventDate "2008.??.??"]

1. e4 c5 2. Nf3 e6 3. d4 cxd4 4. Nxd4 Nc6 5. Nc3 a6 6. g3 Nge7 7. Nb3 b5 8. Bg2
Ng6 9. O-O Rb8 10. f4 Be7 11. e5 O-O 12. Be3 Qc7 13. Ne4 f6 14. exf6 gxf6 15.
f5 Nge5 16. Qh5 Rf7 17. Nd4 Nxd4 18. Bxd4 exf5 19. Rxf5 d6 20. Rf4 Qxc2 21.
Raf1 Be6 1/2-1/2

[Event "BL 0708 Hamburger SK - SK Zehlendorf"]
[Site "?"]
[Date "2008.04.05"]
[Round "12.1"]
[White "Maksimenko, Andrei"]
[Black "Wojtaszek, Radoslav"]
[Result "1/2-1/2"]
[WhiteElo "2505"]
[BlackElo "2635"]
[PlyCount "46"]
[EventDate "2008.??.??"]

1. Nf3 Nf6 2. c4 c5 3. Nc3 e6 4. g3 b6 5. Bg2 Bb7 6. O-O Be7 7. d4 cxd4 8. Qxd4
d6 9. Bg5 a6 10. Bxf6 Bxf6 11. Qf4 O-O 12. Rfd1 Be7 13. Ne4 Bxe4 14. Qxe4 Ra7
15. Nd4 Qc8 16. b3 Re8 17. a4 Qc5 18. Ra2 Bf8 19. Rad2 Rd7 20. h4 g6 21. e3 a5
22. Nb5 Red8 23. Qd4 Qxd4 1/2-1/2

[Event "BL 0708 Hamburger SK - SK Zehlendorf"]
[Site "?"]
[Date "2008.04.05"]
[Round "12.2"]
[White "Gustafsson, Jan"]
[Black "Berczes, David"]
[Result "1/2-1/2"]
[WhiteElo "2606"]
[BlackElo "2430"]
[PlyCount "78"]
[EventDate "2008.??.??"]

1. d4 d5 2. c4 c6 3. Nf3 Nf6 4. Nc3 e6 5. Bg5 dxc4 6. e4 b5 7. e5 h6 8. Bh4 g5
9. exf6 gxh4 10. Ne5 Qxf6 11. a4 Bb7 12. axb5 cxb5 13. Bxc4 a6 14. Nxb5 axb5
15. Bxb5+ Kd8 16. Rxa8 Bxa8 17. Qa4 Bd6 18. Nc4 Qxd4 19. Qxa8 Bb4+ 20. Ke2 Qg4+
21. Qf3 Qxf3+ 22. Kxf3 Rg8 23. Ne5 Ke7 24. Ra1 f5 25. Ra7+ Kf6 26. Nc4 Rc8 27.
Rb7 Bc5 28. Nb6 Bxb6 29. Rxb6 Ke5 30. Ba4 Rd8 31. Bb3 Nc6 32. Rb5+ Kf6 33. Ke3
Nd4 34. Rb6 h3 35. gxh3 Nxb3 36. Rxb3 Rd1 37. Kf3 e5 38. Rb6+ Kg5 39. h4+ Kxh4
1/2-1/2

[Event "BL 0708 Hamburger SK - SK Zehlendorf"]
[Site "?"]
[Date "2008.04.05"]
[Round "12.3"]
[White "Prohaszka, Peter"]
[Black "Ftacnik, Lubomir Dr"]
[Result "1/2-1/2"]
[WhiteElo "2470"]
[BlackElo "2553"]
[PlyCount "54"]
[EventDate "2008.??.??"]

1. d4 Nf6 2. c4 g6 3. Nc3 d5 4. cxd5 Nxd5 5. e4 Nxc3 6. bxc3 Bg7 7. Bc4 c5 8.
Ne2 O-O 9. O-O Nc6 10. Be3 Bd7 11. Rb1 cxd4 12. cxd4 Rc8 13. Bd3 Na5 14. d5 Nc4
15. Bxc4 Rxc4 16. Rxb7 Rxe4 17. Ng3 Bc8 18. Rxa7 Re5 19. Bc5 Rxd5 20. Qc1 Rd7
21. Rxd7 Qxd7 22. Re1 Re8 23. Rxe7 Rxe7 24. Bxe7 Bb7 25. Bg5 Qd5 26. f3 Qxa2
27. Qd2 Qxd2 1/2-1/2

[Event "BL 0708 Hamburger SK - SK Zehlendorf"]
[Site "?"]
[Date "2008.04.05"]
[Round "12.4"]
[White "Kempinski, Robert"]
[Black "Berger, Steve"]
[Result "1-0"]
[WhiteElo "2596"]
[BlackElo "2410"]
[PlyCount "63"]
[EventDate "2008.??.??"]

1. d4 e6 2. c4 Nf6 3. Nf3 b6 4. g3 Ba6 5. Nbd2 Bb4 6. Qc2 Bb7 7. Bg2 Be4 8. Qd1
Bxd2+ 9. Qxd2 d5 10. b3 O-O 11. Ba3 Re8 12. O-O Nbd7 13. Rfd1 Qc8 14. cxd5 exd5
15. Bb2 Nf8 16. Rac1 Ne6 17. Bh3 Qa6 18. a3 Qb5 19. b4 Bg6 20. Ne5 a5 21. f3
axb4 22. axb4 Re7 23. Ra1 Ra4 24. Rxa4 Qxa4 25. Ra1 Qc2 26. Qxc2 Bxc2 27. Ra7
Bd1 28. Kf2 Ng5 29. Bf5 g6 30. Bd3 h5 31. h4 Ne6 32. Ra1 1-0

[Event "BL 0708 Hamburger SK - SK Zehlendorf"]
[Site "?"]
[Date "2008.04.05"]
[Round "12.5"]
[White "Werner, Dimo"]
[Black "Hansen, Sune Berg"]
[Result "1/2-1/2"]
[WhiteElo "2346"]
[BlackElo "2564"]
[PlyCount "44"]
[EventDate "2008.??.??"]

1. d4 d5 2. Nf3 Nf6 3. c4 e6 4. Nc3 c6 5. e3 Nbd7 6. Bd3 dxc4 7. Bxc4 b5 8. Bd3
Bb7 9. a3 Bd6 10. O-O O-O 11. Qc2 a5 12. Ng5 h6 13. Nge4 Be7 14. Nxf6+ Nxf6 15.
Ne4 Nxe4 16. Bxe4 Qb6 17. Bd2 b4 18. Rfc1 Rfc8 19. Qa4 c5 20. dxc5 Bxc5 21.
Bxb7 Qxb7 22. h3 Bd6 1/2-1/2

[Event "BL 0708 Hamburger SK - SK Zehlendorf"]
[Site "?"]
[Date "2008.04.05"]
[Round "12.6"]
[White "Mueller, Karsten Dr"]
[Black "Orzech, Dominik"]
[Result "1/2-1/2"]
[WhiteElo "2515"]
[BlackElo "2483"]
[PlyCount "56"]
[EventDate "2008.??.??"]

1. e4 c6 2. Nf3 d5 3. exd5 cxd5 4. Ne5 Nf6 5. d4 g6 6. Bb5+ Bd7 7. Nxd7 Nbxd7
8. O-O Bg7 9. c3 O-O 10. Re1 Ne4 11. Nd2 Nd6 12. Bd3 e5 13. dxe5 Nxe5 14. Nf3
Nxd3 15. Qxd3 Nc4 16. b3 Nb6 17. Be3 Re8 18. Bd4 Qd6 19. Bxg7 Kxg7 20. Qd4+ Qf6
21. Ne5 Rad8 22. Re3 Nc8 23. Rae1 Nd6 24. Rf3 Nf5 25. Qf4 h5 26. h3 h4 27. Rd3
Qd6 28. Rdd1 Re7 1/2-1/2

[Event "BL 0708 Hamburger SK - SK Zehlendorf"]
[Site "?"]
[Date "2008.04.05"]
[Round "12.7"]
[White "Klimm, Wolf-Dietrich"]
[Black "Heinemann, Thies"]
[Result "0-1"]
[WhiteElo "2286"]
[BlackElo "2478"]
[PlyCount "68"]
[EventDate "2008.??.??"]

1. Nf3 Nf6 2. c4 e6 3. g3 b6 4. Bg2 Bb7 5. O-O c5 6. Nc3 Be7 7. d4 cxd4 8. Qxd4
O-O 9. Bg5 h6 10. Bxf6 Bxf6 11. Qd3 Na6 12. Rad1 Nc5 13. Qd2 Qc8 14. Nd4 Bxg2
15. Kxg2 Rd8 16. e4 a6 17. Qe2 d6 18. f4 Nd7 19. Rf3 Qc5 20. Nc2 Rac8 21. Na3
Qb4 22. Re3 b5 23. e5 dxe5 24. fxe5 Nxe5 25. Rxd8+ Rxd8 26. cxb5 axb5 27. Qxb5
Rd2+ 28. Re2 Rxb2 29. Rxb2 Qxc3 30. Qb8+ Kh7 31. Qb3 Qc6+ 32. Kh3 Qe4 33. Qc2
Nd3 34. Rb3 g5 0-1

[Event "BL 0708 Hamburger SK - SK Zehlendorf"]
[Site "?"]
[Date "2008.04.05"]
[Round "12.8"]
[White "Huschenbeth, Niclas"]
[Black "Brener, Ilia"]
[Result "1/2-1/2"]
[WhiteElo "2318"]
[BlackElo "2382"]
[PlyCount "155"]
[EventDate "2008.??.??"]

1. e4 e5 2. Nf3 Nc6 3. Bb5 a6 4. Ba4 Nf6 5. O-O Be7 6. d3 d6 7. c3 O-O 8. Nbd2
b5 9. Bc2 d5 10. Qe2 d4 11. cxd4 Nxd4 12. Nxd4 exd4 13. f4 Ng4 14. Nf3 f5 15.
h3 Nh6 16. Bb3+ Kh8 17. exf5 Nxf5 18. Ne5 Qe8 19. Bd5 Rb8 20. Bc6 Qd8 21. Qf3
Bf6 22. Bd2 Ne3 23. Bxe3 Bxe5 24. Bd2 Bd6 25. Rae1 Bd7 26. Be4 Qh4 27. f5 c5
28. Qg4 Qxg4 29. hxg4 c4 30. Rf3 Rbc8 31. g5 c3 32. Bc1 Bb4 33. bxc3 dxc3 34.
Kf2 Bc5+ 35. Ke2 Rce8 36. g4 g6 37. Kd1 gxf5 38. gxf5 Bxf5 39. Bxf5 c2+ 40.
Kxc2 Rxe1 41. Bb2+ Kg8 42. Bf6 Be7 43. Bc3 Re2+ 44. Kd1 Rxf5 45. Rxf5 Rxa2 46.
Re5 Kf7 47. Kc1 b4 48. Bb2 b3 49. Kb1 a5 50. Rb5 a4 51. d4 Kg6 52. d5 Kf7 53.
Rb7 Ke8 54. Bf6 Bxf6 55. gxf6 Rd2 56. Rb4 Rxd5 57. Rxa4 Kf7 58. Ra7+ Kg6 59.
Rg7+ Kh6 60. Kb2 Rf5 61. Rf7 Rf3 62. Ka3 Rh3 63. Rg7 Re3 64. Kb2 Re6 65. Kxb3
Rxf6 66. Rg2 Rc6 67. Rc2 Rd6 68. Rg2 Kh5 69. Kc2 h6 70. Rd2 Re6 71. Kd1 Kg4 72.
Re2 Rf6 73. Ke1 Kg3 74. Re5 Kg4 75. Re2 h5 76. Rf2 Ra6 77. Kf1 Kg3 78. Kg1
1/2-1/2

[Event "BL 0708 Godesberger SK - Solinger SG"]
[Site "?"]
[Date "2008.04.05"]
[Round "12.1"]
[White "Nikolic, Predrag"]
[Black "Kasimdzhanov, Rustam"]
[Result "1/2-1/2"]
[WhiteElo "2657"]
[BlackElo "2690"]
[PlyCount "72"]
[EventDate "2008.??.??"]

1. d4 d5 2. c4 c6 3. Nc3 Nf6 4. cxd5 cxd5 5. Bf4 Nc6 6. e3 a6 7. Bd3 Bg4 8.
Nge2 e6 9. O-O Be7 10. Rc1 O-O 11. Qd2 Bh5 12. Bg3 Bg6 13. Nf4 Bxd3 14. Nxd3
Rc8 15. Qe2 Nd7 16. Rc2 Qa5 17. Rfc1 Nb6 18. a3 Nc4 19. Nb1 Qb5 20. Rc3 a5 21.
a4 Qa6 22. Nc5 Qa7 23. b3 Bxc5 24. bxc4 Bb4 25. R3c2 Qa6 26. Kf1 dxc4 27. Qxc4
Qxc4+ 28. Rxc4 Rfd8 29. Ke2 f6 30. f3 Rd7 31. R1c2 Rcd8 32. Nc3 f5 33. Nb5 g5
34. Bc7 Re8 35. Bb6 Kf7 36. Bc5 Kg6 1/2-1/2

[Event "BL 0708 Godesberger SK - Solinger SG"]
[Site "?"]
[Date "2008.04.05"]
[Round "12.2"]
[White "Lutz, Christopher"]
[Black "Jussupow, Artur"]
[Result "1/2-1/2"]
[WhiteElo "2588"]
[BlackElo "2583"]
[PlyCount "29"]
[EventDate "2008.??.??"]

1. e4 e5 2. Nf3 Nf6 3. Nxe5 d6 4. Nf3 Nxe4 5. d4 d5 6. Bd3 Bd6 7. O-O O-O 8. c4
Be6 9. Re1 Re8 10. c5 Bf8 11. Nc3 f5 12. Ne2 Nd7 13. b4 a6 14. Bb2 g6 15. Qc1
1/2-1/2

[Event "BL 0708 Godesberger SK - Solinger SG"]
[Site "?"]
[Date "2008.04.05"]
[Round "12.3"]
[White "Naumann, Alexander"]
[Black "Kveinys, Aloyzas"]
[Result "1-0"]
[WhiteElo "2548"]
[BlackElo "2517"]
[PlyCount "123"]
[EventDate "2008.??.??"]

1. d4 Nf6 2. c4 e6 3. g3 d5 4. Nf3 dxc4 5. Bg2 a6 6. Ne5 c5 7. Na3 Ra7 8. Be3
b5 9. dxc5 Nd5 10. Naxc4 f6 11. Bxd5 exd5 12. Nd6+ Bxd6 13. cxd6 Rb7 14. d7+
Nxd7 15. Nc6 Qc7 16. Rc1 Nf8 17. Na7 Rxa7 18. Rxc7 Rxc7 19. Qxd5 Bb7 20. Qd6
Rd7 21. Qb8+ Kf7 22. O-O Ng6 23. Qa7 Ne5 24. Qc5 Nc4 25. b3 Nxe3 26. Qxe3 Re8
27. Qc5 g6 28. Qc2 Rc8 29. Qb2 Rcd8 30. f3 Rd2 31. Qc3 R8d7 32. e4 Rxa2 33. Rf2
Rxf2 34. Kxf2 h5 35. Qc5 Kg7 36. Ke3 Kf7 37. b4 Kg7 38. h4 Kf7 39. Kf4 Kg7 40.
Qb6 Re7 41. Qd8 Rf7 42. g4 hxg4 43. fxg4 Bc6 44. Qd6 Be8 45. Qxa6 Re7 46. Qd6
Kf7 47. Qd5+ Kg7 48. g5 fxg5+ 49. Kxg5 Bf7 50. Qd4+ Kg8 51. Kh6 Be8 52. Qd5+
Bf7 53. Qd8+ Re8 54. Qd4 Kf8 55. Qc5+ Kg8 56. e5 Bc4 57. Kxg6 Re6+ 58. Kf5 Kf7
59. h5 Bd3+ 60. Kg5 Bc4 61. Qd4 Kg7 62. h6+ 1-0

[Event "BL 0708 Godesberger SK - Solinger SG"]
[Site "?"]
[Date "2008.04.05"]
[Round "12.4"]
[White "Jenni, Florian"]
[Black "Werle, Jan"]
[Result "0-1"]
[WhiteElo "2511"]
[BlackElo "2568"]
[PlyCount "118"]
[EventDate "2008.??.??"]

1. e4 c5 2. Nf3 e6 3. c3 Nf6 4. e5 Nd5 5. d4 cxd4 6. cxd4 b6 7. Bc4 Bb7 8. O-O
d6 9. Bg5 Be7 10. Bxd5 Bxd5 11. Bxe7 Qxe7 12. Nc3 Bb7 13. d5 O-O 14. Nb5 dxe5
15. d6 Qd7 16. Nc7 Nc6 17. Nxa8 Bxa8 18. Rc1 Qb7 19. Re1 Rd8 20. Qc2 f6 21.
Red1 Rd7 22. Qe4 g6 23. b4 a6 24. a3 Kf7 25. h4 b5 26. Rc3 Qb6 27. Rc5 Bb7 28.
Qe3 Nd4 29. Rxe5 Bxf3 30. Rxd4 Bd5 31. Qf4 Qxd6 32. Re1 e5 33. Rxd5 exf4 34.
Rxd6 Rxd6 35. Rc1 Ke6 36. Rc7 h5 37. Rc3 Kd5 38. Kf1 Rc6 39. Rd3+ Ke4 40. Rd8
f3 41. gxf3+ Kxf3 42. Rd3+ Ke4 43. Rg3 f5 44. Re3+ Kd4 45. Kg2 f4 46. Re1 Rc3
47. Re6 Rxa3 48. Rxg6 Kc4 49. Rh6 Kxb4 50. Rxh5 a5 51. Rf5 f3+ 52. Kg3 Rc3 53.
h5 a4 54. h6 a3 55. Rf4+ Kb3 56. h7 Rc8 57. Rxf3+ Kb2 58. Re3 a2 59. Re2+ Ka3
0-1

[Event "BL 0708 Godesberger SK - Solinger SG"]
[Site "?"]
[Date "2008.04.05"]
[Round "12.5"]
[White "Hoffmann, Michael"]
[Black "Likavsky, Tomas"]
[Result "1/2-1/2"]
[WhiteElo "2471"]
[BlackElo "2496"]
[PlyCount "59"]
[EventDate "2008.??.??"]

1. e4 c5 2. Nf3 d6 3. d4 cxd4 4. Nxd4 Nf6 5. Nc3 Nc6 6. Bg5 e6 7. Qd2 a6 8.
O-O-O Be7 9. f4 Nxd4 10. Qxd4 b5 11. Be2 Bb7 12. Bf3 Rc8 13. Bxf6 gxf6 14. f5
Qc7 15. fxe6 fxe6 16. Bg4 Kf7 17. Bh5+ Kg7 18. e5 Rhd8 19. Qg4+ Kh8 20. exd6
Rxd6 21. Rxd6 Bxd6 22. Qxe6 Be5 23. Rd1 Bxc3 24. bxc3 Qxc3 25. Qf5 Qa1+ 26. Kd2
Rd8+ 27. Ke1 Qc3+ 28. Kf1 Rxd1+ 29. Bxd1 Qd4 30. Be2 1/2-1/2

[Event "BL 0708 Godesberger SK - Solinger SG"]
[Site "?"]
[Date "2008.04.05"]
[Round "12.6"]
[White "Jackelen, Thomas"]
[Black "Ragger, Markus"]
[Result "1/2-1/2"]
[WhiteElo "2437"]
[BlackElo "2528"]
[PlyCount "30"]
[EventDate "2008.??.??"]

1. Nf3 d5 2. c4 c6 3. e3 Nf6 4. Nc3 e6 5. Qc2 Bd6 6. d4 Nbd7 7. Bd3 O-O 8. O-O
e5 9. cxd5 cxd5 10. e4 exd4 11. Nxd5 Nxd5 12. exd5 h6 13. Rd1 Nf6 14. Nxd4 Nxd5
15. Be2 Qf6 1/2-1/2

[Event "BL 0708 Godesberger SK - Solinger SG"]
[Site "?"]
[Date "2008.04.05"]
[Round "12.7"]
[White "Drabke, Lorenz Maximilian"]
[Black "Dranov, Alexander"]
[Result "0-1"]
[WhiteElo "2411"]
[BlackElo "2439"]
[PlyCount "142"]
[EventDate "2008.??.??"]

1. e4 d5 2. exd5 Qxd5 3. Nc3 Qa5 4. d4 Nf6 5. Nf3 Bg4 6. h3 Bh5 7. g4 Bg6 8.
Ne5 e6 9. Bd2 Nbd7 10. Nc4 Qa6 11. h4 Qc6 12. Rh3 O-O-O 13. h5 Be4 14. Qe2 Bd5
15. Na5 Qb6 16. Nxd5 exd5 17. Rb3 Re8 18. Rxb6 Rxe2+ 19. Bxe2 axb6 20. Nb3 Bd6
21. f3 Nf8 22. Kf2 h6 23. c3 Ne6 24. Nc1 Bf4 25. Be1 c5 26. dxc5 bxc5 27. Nd3
Bd6 28. Bd2 Re8 29. Bd1 c4 30. Nc1 Ng5 31. Ne2 Bc5+ 32. Kg2 Ne6 33. Bc2 Kc7 34.
Re1 Kc6 35. b4 cxb3 36. axb3 Ra8 37. Nc1 Ra1 38. b4 Bd6 39. Nb3 Ra2 40. Na5+
Kc7 41. Rc1 Nf4+ 42. Kf1 Nd3 43. Bxd3 Rxd2 44. Nb3 Rh2 45. Kg1 Rb2 46. Nd4 Be5
47. Nb5+ Kb6 48. Rd1 Bf4 49. Re1 Nd7 50. Bf1 Ne5 51. Nd4 f6 52. Re2 Bd2 53. f4
Bxc3 54. Nb5 Rxe2 55. Bxe2 Bxb4 56. fxe5 fxe5 57. Kf2 Kc6 58. Kf3 Bd2 59. Na7+
Kc5 60. Bf1 e4+ 61. Ke2 Bg5 62. Bg2 b5 63. Kd1 b4 64. Kc2 Kd4 65. Nc6+ Ke3 66.
Nxb4 Kf2 67. Bh1 Kg1 68. Nxd5 Kxh1 69. Nc3 e3 70. Kd3 Kg2 71. Ke2 Kg3 0-1

[Event "BL 0708 Godesberger SK - Solinger SG"]
[Site "?"]
[Date "2008.04.05"]
[Round "12.8"]
[White "Grimm, Sascha"]
[Black "Becker, Martin-Alexander"]
[Result "1-0"]
[WhiteElo "2341"]
[BlackElo "2365"]
[PlyCount "87"]
[EventDate "2008.??.??"]

1. Nf3 d5 2. g3 Bg4 3. Bg2 Nd7 4. O-O e6 5. d3 Bd6 6. Nbd2 c6 7. b3 Ne7 8. Bb2
O-O 9. Qe1 Ng6 10. h3 Bxf3 11. Nxf3 Qe7 12. e4 Rae8 13. e5 Bc7 14. Qe3 c5 15.
d4 Bb6 16. c3 Rc8 17. Rac1 Rc7 18. h4 Rfc8 19. h5 Ngf8 20. h6 cxd4 21. cxd4 g6
22. Rxc7 Rxc7 23. Rc1 Nb8 24. Rxc7 Qxc7 25. Qf4 f5 26. Ba3 Nc6 27. Bf1 Ba5 28.
Bd6 Qc8 29. Bb5 Bd8 30. Qc1 a6 31. Bd3 Qd7 32. b4 Be7 33. Qc5 Qd8 34. a3 Nd7
35. Qc3 Bxd6 36. exd6 Qf8 37. Bxa6 Qxd6 38. Bxb7 Nd8 39. Qc8 Qe7 40. Bc6 Nf8
41. Ne5 Nxc6 42. Qxc6 f4 43. g4 Qh4 44. Qe8 1-0

[Event "BL 0708 SC Remagen - SV Wattenscheid"]
[Site "?"]
[Date "2008.04.05"]
[Round "12.1"]
[White "Macieja, Bartlomiej"]
[Black "Fedorchuk, Sergey"]
[Result "1-0"]
[WhiteElo "2606"]
[BlackElo "2645"]
[PlyCount "153"]
[EventDate "2008.??.??"]

1. d4 Nf6 2. Nf3 e6 3. c4 b6 4. g3 Ba6 5. b3 Bb7 6. Bg2 Bb4+ 7. Bd2 a5 8. O-O
O-O 9. a3 Bxd2 10. Qxd2 d5 11. cxd5 Bxd5 12. Qb2 Nbd7 13. Nc3 Bb7 14. Rad1 Qe7
15. b4 axb4 16. axb4 Nd5 17. b5 Ra5 18. Rc1 c5 19. bxc6 Bxc6 20. Nd2 Nxc3 21.
Rxc3 Bxg2 22. Kxg2 Rfa8 23. Rc2 Qd6 24. Kg1 Ra4 25. e3 e5 26. Rd1 Rb4 27. Qc1
exd4 28. Nc4 Qe7 29. exd4 h5 30. Ne3 Rba4 31. Rc7 R4a7 32. Qc6 Qd8 33. Rxa7
Rxa7 34. Nc4 Rc7 35. Qd5 Qf6 36. Rb1 Qe6 37. Qxe6 fxe6 38. Nd2 Kf7 39. Rb5 g6
40. Nf3 Rc1+ 41. Kg2 Rd1 42. Rb4 Ke7 43. Ne5 Nxe5 44. dxe5 Rd5 45. f4 g5 46.
Kh3 b5 47. fxg5 Kf7 48. Rf4+ Kg6 49. Kh4 Rxe5 50. Rf6+ Kg7 51. Kxh5 b4 52. Rf3
Rd5 53. Rb3 Rb5 54. h4 Rb8 55. Kg4 Kg6 56. h5+ Kh7 57. Kh4 Rb5 58. g4 Kg7 59.
Kg3 Rb8 60. Kf4 Rb5 61. Kf3 Kf7 62. Ke3 Kg7 63. Kf4 Kf7 64. Kg3 Kg7 65. Kh4 Rb7
66. g6 Rb8 67. Kg5 Rb5+ 68. Kf4 Kf6 69. Ke3 Rb8 70. Kd4 Rb5 71. Rf3+ Kg7 72.
Rf7+ Kg8 73. h6 Rb8 74. h7+ Kh8 75. g7+ Kxh7 76. Rf8 e5+ 77. Kc4 1-0